000 00693nam a2200193Ia 4500
001 12819
003 GE_BSU
008 181216s||||||||xx |||||||||||||| ||und||
040 _cGE_BSU
080 _a631.4
245 _aВопросы численности, биомассы и продуктивности почвенных микроорганизмов
245 _cОтв.ред.Т.В.Аристовская
260 _aЛенинград
260 _bНаука
260 _c1972
300 _a280стр.27см.
653 _aВопросы численности, биомассы и продуктивности почвенных микроорганизмов
942 _cBK
999 _c45990
_d45990